000
00289nam a22001337a 4500
008
170407b xxu||||| |||| 00| 0 eng d
020
_a
9781890061173
041
_a
eng
080
_2
2 ED
_a
616
100
_a
9
101
_a
SHM
245
_a
PATHOPHISIOLOGY
_c
BHUSHAN.V
942
_2
udc
_c
BK
999
_c
10158
_d
10158